000 00302nam a2200133Ia 4500
008 231011s9999 xx 000 0 und d
041 _aeng
100 _aFitter Nasha
245 _aYou are Hired
250 _a1st
260 _bPenguin Books India Pvt Ltd -
_c2009
300 _a434
365 _b140
999 _c897453
_d897453